000 00433nas a22001697a 4500
005 20241107111312.0
006 a|||||r|||| 00| 0
007 c| aa aaaaa
008 241107b |||||||| |||| 00| 0 eng d
022 _a2215-017X (online)
040 _aAR-EsCIE
245 _aBiotechnology report
300 _av.
856 _uhttps://www.sciencedirect.com/journal/biotechnology-reports
910 _aPG241107
942 _2ddc
_cCF
_n0
999 _c123
_d123